The Ethics of Animal Experimentation : (Record no. 605814)

MARC details
000 -LEADER
fixed length control field 00531nam a2200193 a 4500
008 - FIXED-LENGTH DATA ELEMENTS--GENERAL INFORMATION
fixed length control field 251227s2005##################000#0#eng##
020 ## - INTERNATIONAL STANDARD BOOK NUMBER
ISBN 9780195181791
082 04 - DEWEY DECIMAL CLASSIFICATION NUMBER
Classification number 241.694
Item number YAR
100 1# - MAIN ENTRY--AUTHOR NAME
Personal name Yarri, Donna,
245 10 - TITLE STATEMENT
Title The Ethics of Animal Experimentation :
260 ## - PUBLICATION, DISTRIBUTION, ETC. (IMPRINT)
Name of publisher Oxford University Press,
Year of publication 2005.
300 ## - PHYSICAL DESCRIPTION
Number of Pages 235 pages
650 #0 - SUBJECT ADDED ENTRY--TOPICAL TERM
Topical Term Language Arts & Disciplines.
942 ## - ADDED ENTRY ELEMENTS (KOHA)
Koha item type English Books
Holdings
Withdrawn status Lost status Damaged status Not for loan Home library Current library Shelving location Date acquired Full call number Accession Number Price effective from Koha item type
        Anna Centenary Library Anna Centenary Library 3RD FLOOR, B WING 29.12.2025 241.694 YAR 282234 29.12.2025 English Books

Find us on the map